La seguridad esta en juego : manual para juegos de concientización vial destinado a docentes de educación primaria básica

Guardado en:
Formato: Libro
Publicado: Bahía Blanca : Rex, s.f
Materias:
Etiquetas: Agregar Etiqueta
Sin Etiquetas, Sea el primero en etiquetar este registro!
LEADER 00793nam a22002175a 4500
001 CEM.cems012966
005 20080926085535.0
008 130507b######################000#0#####d
003 CEMS
082 0 4 |a F370.115 
245 0 0 |a La seguridad esta en juego :  |b manual para juegos de concientización vial destinado a docentes de educación primaria básica 
260 |a Bahía Blanca :  |b Rex, s.f 
300 |a 110 p. 
653 |a Educación 
653 |a Educación vial 
653 |a Seguridad vial 
653 |a Educación vial-epb 
653 |a Educación vial- educación primaria básica 
859 |a CEMS  |b BIB. CEMS - 11 de abril  |h F370.115  |i 1  |p 2207.44  |t Ej.1 
859 |a CEMS  |b BIB. CEMS - 11 de abril  |h F370.115  |i 1  |p 2208.44  |t Ej.2 
859 |a CEMS  |b BIB. CEMS - 11 de abril  |h F370.115  |i 1  |p 2209.44  |t Ej.3